| 000 | 00484nam a2200181Ia 4500 | ||
|---|---|---|---|
| 005 | 20250423101620.0 | ||
| 008 | 250422s9999 xx 000 0 und d | ||
| 020 | _a9781137575449 | ||
| 050 | _aJF 1351 .V75/ | ||
| 100 | _aVries, Michiel S. De | ||
| 245 | 0 | _aUnderstanding public administration | |
| 260 | _aNew York | ||
| 260 | _b Palgrave Macmillan | ||
| 260 | _c2016 | ||
| 300 | _a243 p | ||
| 650 | _a Public administration. Comparative government. | ||
| 942 | _cBK | ||
| 999 |
_c36762 _d36762 |
||